LEADER 01124nam0-2200385---450- 001 990008607700403321 005 20140618104631.0 010 $a978-3-527-30372-4 035 $a000860770 035 $aFED01000860770 035 $a(Aleph)000860770FED01 035 $a000860770 100 $a20080130d2001----km-y0itay50------ba 101 0 $aeng 102 $aDE 105 $a--------001yy 200 1 $a<> chemist's guide to density functional theory$fWolfram Koch, Max C. Holthausen 205 $a2. ed. 210 $aWeinheim ; New York ; Chichester [etc.]$cWiley-VCH$dc2001 215 $aXIII, 300 p.$d24 cm 610 0 $aStato solido 610 0 $aChimica quantistica 676 $a541.28$v21$zita 700 1$aKoch,$bWolfram$0309742 701 1$aHolthausen,$bMax C.$0309743 801 0$aIT$bUNINA$gRICA$2UNIMARC 901 $aBK 912 $a990008607700403321 952 $a32-265$bD.S.F. 8977$fFI1 952 $a541.28-KOC-1$b8014$fSC1 952 $a541.28-KOC-1A$b8015$fSC1 959 $aFI1 959 $aSC1 996 $aChemist's guide to density functional theory$978385 997 $aUNINA LEADER 01072nam0-22003491--450- 001 990003953970403321 005 20071001125817.0 010 $a88-15-07691-3 035 $a000395397 035 $aFED01000395397 035 $a(Aleph)000395397FED01 035 $a000395397 100 $a20030910d2000----km-y0itay50------ba 101 0 $aita$ceng 102 $aIT 200 1 $aCome democratizzare l'Unione Europea e perché$fPhilippe C. Schmitter$gtraduzione di Rinaldo Falcioni 210 $aBologna$cil Mulino$d©2000 215 $a233 p.$d20 cm 225 1 $aSaggi$v523 454 0$12001$aHow to democratize the European Union - and why bother?$926383 610 0 $aUnione Europea 676 $a327.17094$v21$zita 700 1$aSchmitter,$bPhilippe C.$f<1936- >$0148832 801 0$aIT$bUNINA$gRICA$2UNIMARC 901 $aBK 912 $a990003953970403321 952 $a327.17094 SCH 1$b1540$fBFS 952 $aQ 229$bs.i.$fDSS 959 $aBFS 959 $aDSS 996 $aHow to democratize the European Union - and why Bother$926383 997 $aUNINA